Brooklyn Nets Top 10 Leaders Playoffs - Statistics

General Stats
  • This quiz has been taken 292 times
    133 since last reset
  • The average score is 11 of 23
Answer Stats
Answer % Correct
Jason Kidd
91%
Kevin Durant
84%
Brook Lopez
80%
Deron Williams
78%
Aaron Williams
77%
Buck Williams
77%
James Harden
75%
Vince Carter
72%
Anthony Johnson
62%
Joe Johnson
62%
Kenyon Martin
59%
Richard Jefferson
59%
Derrick Coleman
47%
Nic Claxton
43%
Kerry Kittles
41%
Keith Van Horn
34%
Lucious Harris
34%
Jason Collins
21%
Micheal Ray Richardson
15%
Otis Birdsong
9%
Todd MacCulloch
8%
Mike Gminski
7%
Rodney Rogers
3%
No matching quizzes found
Score Distribution
Percent of People with Each Score
Percentile by Number Answered
Your Score History
You have not taken this quiz since the last reset